00430nam a2200181Ia 4500003000400000005001700004008004100021020001800062040000700080041000800087082001300095100001900108245004700127250000600174260003700180300001800217365001300235OSt20230401121950.0210423s2009 xx 000 0 und d a9780070263628 cAL aeng a658 KAZA aKAZMI (Azhar). aStratergic management and business policy. a3 aNew DelhibTata McGrawhillc2009 axxxii,698bPB b310cINR